[Event "THE FAST & FURIOUS #4"]
[Site "SchemingMind.com"]
[Date "2015.06.11"]
[Round "-"]
[White "emvarela"]
[Black "Chessibelle"]
[Result "1-0"]
[WhiteCountry "ARG"]
[BlackCountry "ENG"]
[WhiteElo "1740"]
[WhiteRD "48"]
[BlackElo "1215"]
[BlackRD "58"]
[GameID "381704"]

1. e4 e5 2. Nf3 Nc6 3. d4 Bd6 4. d5 Nce7 5. Be3 b6 6. c4 Nf6 7. Bd3 g6 8. O-O O-O 9. Nc3 c6 10. Bg5 Nh5
11. dxc6 dxc6 12. Qd2 f6 13. Bh6 Re8 14. Be2 Ng7 15. Bxg7 Kxg7 16. Rad1 Bg4 17. h3 Be6 18. Qxd6 Ng8 19. Qxd8 Rexd8 20. Rxd8 Rxd8
21. Rd1 Re8 22. Rd6 f5 23. Rxc6 Bd7 24. Rc7 Re7 25. Nd5 Rf7 26. Nxe5 Be8 27. Nxf7 fxe4 28. Nd6+ Kh6 29. Rxa7
1-0

[Event "THE FAST & FURIOUS #4"]
[Site "SchemingMind.com"]
[Date "2015.06.11"]
[Round "-"]
[White "Chessibelle"]
[Black "emvarela"]
[Result "0-1"]
[WhiteCountry "ENG"]
[BlackCountry "ARG"]
[WhiteElo "1216"]
[WhiteRD "58"]
[BlackElo "1695"]
[BlackRD "49"]
[GameID "381705"]

1. Nf3 Nf6 2. d4 g6 3. e3 d5 4. Nc3 Bg7 5. Be2 O-O 6. O-O a6 7. Re1 Bg4 8. Qd3 Bxf3 9. Bxf3 c6 10. b4 Nbd7
11. Be2 e5 12. Bb2 exd4 13. exd4 Re8 14. h3 b5 15. Qg3 Ne4 16. Qf3 Bxd4 17. Kf1 Nd2+
0-1

[Event "THE FAST & FURIOUS #4"]
[Site "SchemingMind.com"]
[Date "2015.06.11"]
[Round "-"]
[White "emvarela"]
[Black "ray winteringham"]
[Result "0-1"]
[WhiteCountry "ARG"]
[BlackCountry "ENG"]
[WhiteElo "1695"]
[WhiteRD "49"]
[BlackElo "1500"]
[BlackRD "50"]
[GameID "381730"]

1. e4 e5 2. Nf3 Nc6 3. Bb5 a6 4. Ba4 b5 5. Bb3 h6 6. d4 Bb7 7. d5 Nce7 8. c4 c6 9. Nc3 Nf6 10. Nxe5 d6
11. dxc6 Nxc6
0-1

[Event "THE FAST & FURIOUS #4"]
[Site "SchemingMind.com"]
[Date "2015.06.11"]
[Round "-"]
[White "ray winteringham"]
[Black "emvarela"]
[Result "1-0"]
[WhiteCountry "ENG"]
[BlackCountry "ARG"]
[WhiteElo "1500"]
[WhiteRD "50"]
[BlackElo "1695"]
[BlackRD "49"]
[GameID "381731"]

1. e4 e5 2. Nf3 Nc6 3. Bb5 a6 4. Bxc6 dxc6 5. d3 Bd6 6. Be3 Bg4 7. h3 Bh5 8. Nbd2 f6 9. g4 Bf7 10. O-O Ne7
11. Nh2 Qd7 12. f3
1-0

[Event "THE FAST & FURIOUS #4"]
[Site "SchemingMind.com"]
[Date "2015.06.06"]
[Round "-"]
[White "ray winteringham"]
[Black "Chessibelle"]
[Result "1-0"]
[WhiteCountry "ENG"]
[BlackCountry "ENG"]
[WhiteElo "1500"]
[WhiteRD "50"]
[BlackElo "1216"]
[BlackRD "58"]
[GameID "381732"]

1. e4 e5 2. Nf3 Nc6 3. d4 f6 4. d5 Nce7 5. Be2 d6 6. O-O Bd7 7. c4 h6 8. Be3 b6 9. b4 f5 10. Nc3 g6
11. a4 Nf6 12. b5 Bg7 13. exf5 Bxf5 14. a5 O-O 15. axb6 axb6 16. Rxa8 Qxa8 17. Qa1 Qc8 18. Qb2 Ne4 19. Nxe4 Bxe4 20. Qd2 Nf5
21. Qc1 Qd8 22. Qd2 g5 23. Ra1 Nh4 24. Nxh4 gxh4 25. Bxh6 Qf6 26. Bf3 Bf5 27. Bxg7 Kxg7 28. Ra7 Rf7 29. h3 e4 30. Bh5 Re7
31. Ra3 Re8 32. Qe3 Kf8 33. Kh2 Qe5+ 34. g3 Re7 35. Qh6+ Rg7 36. Ra8+ Ke7 37. Re8+
1-0

[Event "THE FAST & FURIOUS #4"]
[Site "SchemingMind.com"]
[Date "2015.06.07"]
[Round "-"]
[White "Chessibelle"]
[Black "ray winteringham"]
[Result "0-1"]
[WhiteCountry "ENG"]
[BlackCountry "ENG"]
[WhiteElo "1216"]
[WhiteRD "58"]
[BlackElo "1500"]
[BlackRD "50"]
[GameID "381733"]

1. Nf3 Nf6 2. d4 d5 3. e3 Bg4 4. Be2 e6 5. O-O Bd6 6. Nc3 Nbd7 7. Bd2 O-O 8. a3 b6 9. Re1 c5 10. Nb5 Be7
11. b3 a6 12. Nc3 b5 13. h3 Bxf3 14. Bxf3 c4 15. g4 g5 16. Ne2 h6 17. Ng3 Rc8 18. e4 Qb6 19. c3 Nb8 20. e5 Nh7
21. Bc1 f6 22. Qc2 cxb3 23. Qd3 Kh8 24. Bd1 Rg8 25. Nh5 Rcf8 26. Bxb3 f5 27. Be3 Qd8 28. f3 f4 29. Bc2 Rf7 30. Bf2 Nd7
31. h4 gxh4 32. Kh2 Ng5 33. a4 b4 34. Qxa6 Nxf3+ 35. Kh3 Nxe1 36. Qxe6 Rh7 37. Qf5 Nxc2 38. Qxc2 Nb6 39. Rg1 Bg5 40. Qf5 bxc3
41. e6 Nxa4 42. Qe5+ Rhg7 43. Rb1 Kh7 44. Rb4 c2 45. Qf5+ Kh8 46. Qxc2 Ra7 47. Kg2 Qe8 48. Rb5 Qxb5
0-1

[Event "THE FAST & FURIOUS #4"]
[Site "SchemingMind.com"]
[Date "2015.06.12"]
[Round "-"]
[White "emvarela"]
[Black "Stephen Woodhouse"]
[Result "1-0"]
[WhiteCountry "ARG"]
[BlackCountry "ENG"]
[WhiteElo "1740"]
[WhiteRD "48"]
[BlackElo "1872"]
[BlackRD "48"]
[GameID "381762"]

1. e4 e6 2. d4 d5 3. Nc3 Nf6 4. e5 Nfd7 5. f4 c5 6. Nf3 Nc6 7. Be3 cxd4 8. Nxd4 Bc5 9. Nxc6 bxc6 10. Bxc5 Nxc5
11. b3 Qa5 12. Qd2 Ba6 13. Bxa6 Qxa6 14. O-O-O Qa3+ 15. Kb1 a5 16. Qd4 a4 17. b4 Na6 18. Nxd5 cxd5 19. c3 O-O 20. Rd2 Rab8
21. Rb2 Rfc8 22. Rc1 g6 23. g4 Nxb4 24. Rxb4 Rxb4+ 25. Qxb4 Qxb4+ 26. cxb4 Rxc1+ 27. Kxc1 Kf8 28. Kc2 Ke7 29. Kc3 Kd7 30. b5 Kc7
31. Kb4 Kb6 32. Kxa4 Kc5 33. Ka5 d4 34. b6 d3 35. b7 d2 36. b8=Q d1=Q 37. Qc7+ Kd4 38. Qd6+
1-0

[Event "THE FAST & FURIOUS #4"]
[Site "SchemingMind.com"]
[Date "2015.06.12"]
[Round "-"]
[White "Stephen Woodhouse"]
[Black "emvarela"]
[Result "1-0"]
[WhiteCountry "ENG"]
[BlackCountry "ARG"]
[WhiteElo "1872"]
[WhiteRD "48"]
[BlackElo "1740"]
[BlackRD "48"]
[GameID "381763"]

1. e4 e5 2. Nf3 Nc6 3. d4 exd4 4. Nxd4 Bc5 5. Be3 Qf6 6. c3 Nge7 7. Bc4 Ne5 8. Be2 Qg6 9. O-O d6 10. Kh1 Bxd4
11. cxd4 Ng4 12. Bxg4 Bxg4 13. f3 Bd7 14. Nc3 O-O 15. Qd2 f5 16. Bg5 Rae8 17. Kg1 h6 18. Bxe7 Rxe7 19. Nd5 Ref7 20. Rae1 fxe4
21. fxe4 Rxf1+ 22. Rxf1 Rxf1+ 23. Kxf1 Qf7+ 24. Qf2 Bb5+ 25. Ke1 Qxf2+ 26. Kxf2 c6 27. Ne7+ Kf7 28. Nc8 d5 29. exd5 cxd5 30. Nd6+
1-0

[Event "THE FAST & FURIOUS #4"]
[Site "SchemingMind.com"]
[Date "2015.06.07"]
[Round "-"]
[White "ray winteringham"]
[Black "Stephen Woodhouse"]
[Result "0-1"]
[WhiteCountry "ENG"]
[BlackCountry "ENG"]
[WhiteElo "1500"]
[WhiteRD "50"]
[BlackElo "1834"]
[BlackRD "49"]
[GameID "381764"]

1. e4 e6 2. d4 d5 3. e5 c5 4. c3 Nc6 5. Nf3 Bd7 6. Be2 Nge7 7. Bf4 Nf5 8. Nbd2 cxd4 9. cxd4 Nfxd4 10. O-O Nxe2+
11. Qxe2 Bc5 12. Qb5 Qb6 13. Qb3 Qxb3 14. Nxb3 Bb6 15. Nbd2 Rc8 16. Nh4 Bc7 17. Ndf3 f6 18. exf6 Bxf4 19. fxg7 Rg8 20. g3 Rxg7
21. Kh1 Bc7 22. Rae1 Ne7 23. Ne5 Bb5 24. Rg1 Bb6 25. Rg2 Rc2 26. Nhf3 d4 27. Nxd4 Bxd4
0-1

[Event "THE FAST & FURIOUS #4"]
[Site "SchemingMind.com"]
[Date "2015.06.07"]
[Round "-"]
[White "Stephen Woodhouse"]
[Black "ray winteringham"]
[Result "1-0"]
[WhiteCountry "ENG"]
[BlackCountry "ENG"]
[WhiteElo "1834"]
[WhiteRD "49"]
[BlackElo "1500"]
[BlackRD "50"]
[GameID "381765"]

1. e4 e5 2. Nf3 Nc6 3. d4 exd4 4. Nxd4 Bc5 5. Be3 Qe7 6. Nc3 Nf6 7. Nf5 Qf8 8. Nxg7+ Kd8 9. Bxc5 Qxc5 10. Qf3 Qe7
11. Nf5 Qb4 12. Ne3 Qxb2 13. Qxf6+ Ke8 14. Qxh8+ Ke7 15. Ncd5+ Kd6 16. Qxb2
1-0

[Event "THE FAST & FURIOUS #4"]
[Site "SchemingMind.com"]
[Date "2015.06.07"]
[Round "-"]
[White "Chessibelle"]
[Black "Stephen Woodhouse"]
[Result "0-1"]
[WhiteCountry "ENG"]
[BlackCountry "ENG"]
[WhiteElo "1216"]
[WhiteRD "58"]
[BlackElo "1834"]
[BlackRD "49"]
[GameID "381766"]

1. Nf3 e6 2. d4 f5 3. Nc3 Nf6 4. e3 b6 5. Bd3 Bb7 6. Be2 Be7 7. O-O O-O 8. Bd3 Ne4 9. Ne5 d6 10. Nf3 Nd7
11. Nxe4 fxe4 12. Bc4 d5 13. Bb5 exf3 14. g3 Qe8 15. c3 Qh5 16. Qd3 Qh3 17. Bd2 Qg2#
0-1

[Event "THE FAST & FURIOUS #4"]
[Site "SchemingMind.com"]
[Date "2015.06.07"]
[Round "-"]
[White "Stephen Woodhouse"]
[Black "Chessibelle"]
[Result "1-0"]
[WhiteCountry "ENG"]
[BlackCountry "ENG"]
[WhiteElo "1834"]
[WhiteRD "49"]
[BlackElo "1216"]
[BlackRD "58"]
[GameID "381767"]

1. e4 Nc6 2. d4 e5 3. Nf3 Nf6 4. Nxe5 Ne7 5. Bc4 d5 6. exd5 Nexd5 7. O-O Be7 8. Nc3 Be6 9. Nxd5 Nxd5 10. c3 f6
11. Qh5+ Kf8 12. Nf3 h6 13. Bd2 g5 14. Rfe1 Bd6 15. Rxe6 c6 16. Qg6 Ne7 17. Rxf6#
1-0

[Event "THE FAST & FURIOUS #4"]
[Site "SchemingMind.com"]
[Date "2015.06.12"]
[Round "-"]
[White "emvarela"]
[Black "Ramesh Panwar"]
[Result "0-1"]
[WhiteCountry "ARG"]
[BlackCountry "IND"]
[WhiteElo "1695"]
[WhiteRD "49"]
[BlackElo "2359"]
[BlackRD "55"]
[GameID "381774"]

1. e4 c5 2. Nf3 Nc6 3. d4 cxd4 4. c3 dxc3 5. Bc4 cxb2 6. Bxb2 e6 7. Nc3 d6 8. Qb3 Nf6 9. Rd1 Na5 10. Qa4+ Bd7
11. Bb5 a6 12. Bxd7+ Nxd7 13. O-O Rc8 14. Ne2 Rc4 15. Qa3 d5 16. Qe3 Rxe4 17. Qc1 Rxe2
0-1

[Event "THE FAST & FURIOUS #4"]
[Site "SchemingMind.com"]
[Date "2015.06.12"]
[Round "-"]
[White "Ramesh Panwar"]
[Black "emvarela"]
[Result "1-0"]
[WhiteCountry "IND"]
[BlackCountry "ARG"]
[WhiteElo "2359"]
[WhiteRD "55"]
[BlackElo "1695"]
[BlackRD "49"]
[GameID "381775"]

1. d4 Nf6 2. c4 e6 3. Nf3 c5 4. d5 exd5 5. cxd5 d6 6. e4 Bg4 7. Bf4 Nxe4 8. Qa4+ Bd7 9. Qxe4+ Qe7 10. Nc3 Na6
11. Bxa6 bxa6 12. O-O O-O-O 13. Qd3 Kb7 14. Rfe1 Qf6 15. Bg5
1-0

[Event "THE FAST & FURIOUS #4"]
[Site "SchemingMind.com"]
[Date "2015.06.07"]
[Round "-"]
[White "ray winteringham"]
[Black "Ramesh Panwar"]
[Result "0-1"]
[WhiteCountry "ENG"]
[BlackCountry "IND"]
[WhiteElo "1500"]
[WhiteRD "50"]
[BlackElo "2359"]
[BlackRD "55"]
[GameID "381776"]

1. e4 c5 2. Bc4 e6 3. Nf3 Nf6 4. d3 Nc6 5. Be3 d5 6. exd5 exd5 7. Bb3 h6 8. c4 d4 9. Bf4 Qe7+ 10. Qe2 Nh5
11. Qxe7+ Bxe7 12. Bg3 O-O 13. O-O Bf5 14. Bc2 Nb4 15. Na3 Nxg3 16. fxg3 Nxc2 17. Nxc2 Bxd3 18. Na3 Bxf1 19. Kxf1 Bd6 20. Nc2 Rfe8
21. h4 Bxg3
0-1

[Event "THE FAST & FURIOUS #4"]
[Site "SchemingMind.com"]
[Date "2015.06.07"]
[Round "-"]
[White "Ramesh Panwar"]
[Black "ray winteringham"]
[Result "1-0"]
[WhiteCountry "IND"]
[BlackCountry "ENG"]
[WhiteElo "2359"]
[WhiteRD "55"]
[BlackElo "1500"]
[BlackRD "50"]
[GameID "381777"]

1. d4 d5 2. c4 e6 3. Nc3 c6 4. Nf3 Be7 5. e4 dxe4 6. Nxe4 Nf6 7. Bd3 b6 8. O-O Bb7 9. Bf4 h6 10. Nxf6+ Bxf6
11. Qe2 Bxd4 12. Nxd4 O-O 13. Qe4 f5 14. Qxe6+ Kh8 15. Be5 Qg5 16. f4 Qg4 17. Nxf5 c5 18. Bxg7+
1-0

[Event "THE FAST & FURIOUS #4"]
[Site "SchemingMind.com"]
[Date "2015.06.07"]
[Round "-"]
[White "Chessibelle"]
[Black "Ramesh Panwar"]
[Result "0-1"]
[WhiteCountry "ENG"]
[BlackCountry "IND"]
[WhiteElo "1216"]
[WhiteRD "58"]
[BlackElo "2359"]
[BlackRD "55"]
[GameID "381778"]

1. Nf3 Nf6 2. d4 e6 3. Nc3 d5 4. e3 Be7 5. Bd3 O-O 6. O-O b6 7. a3 Bb7 8. Re1 c5 9. e4 c4 10. Be2 Nxe4
11. b3 Nxc3 12. Qd2 Nxe2+ 13. Qxe2 Qc7 14. Ne5 Nc6 15. Bf4 Bd6 16. g3 Nxd4 17. Qd1 Nb5 18. a4 Nc3 19. Qg4 f5 20. Qh5 Ne4
21. Qf3 Bxe5 22. Be3 d4 23. Bd2 Nxd2 24. Qh5 Qc6
0-1

[Event "THE FAST & FURIOUS #4"]
[Site "SchemingMind.com"]
[Date "2015.06.07"]
[Round "-"]
[White "Ramesh Panwar"]
[Black "Chessibelle"]
[Result "1-0"]
[WhiteCountry "IND"]
[BlackCountry "ENG"]
[WhiteElo "2359"]
[WhiteRD "55"]
[BlackElo "1216"]
[BlackRD "58"]
[GameID "381779"]

1. d4 d5 2. c4 Nf6 3. cxd5 Nxd5 4. Nf3 Nc6 5. e4 Nf6 6. d5 Nb4 7. Qa4+ Nd7 8. Qxb4 e6 9. Qd4 f6 10. dxe6 Bc5
11. exd7+ Bxd7 12. Qxc5 b6 13. Qh5+ g6 14. Qh4 h5 15. Nc3 Be6 16. Bb5+ Bd7 17. Qg3 c6 18. Qxg6+ Ke7 19. Qg7+ Kd6 20. Bf4+ Kc5
21. Qf7 cxb5 22. Qd5+ Kb4 23. Qd6+ Ka5 24. Qa3#
1-0

[Event "THE FAST & FURIOUS #4"]
[Site "SchemingMind.com"]
[Date "2015.06.07"]
[Round "-"]
[White "Stephen Woodhouse"]
[Black "Ramesh Panwar"]
[Result "0-1"]
[WhiteCountry "ENG"]
[BlackCountry "IND"]
[WhiteElo "1834"]
[WhiteRD "49"]
[BlackElo "2359"]
[BlackRD "55"]
[GameID "381780"]

1. e4 c5 2. c3 Nf6 3. e5 Nd5 4. d4 cxd4 5. Nf3 Nc6 6. cxd4 e6 7. Bc4 d6 8. Qe2 Be7 9. O-O dxe5 10. dxe5 O-O
11. Qe4 Qc7 12. Re1 b6 13. Bd3 g6 14. Bg5 Rd8 15. Nbd2 Bxg5 16. Nxg5 Ndb4 17. Re3 Rd4 18. Qf3 h6 19. Nge4 Bb7 20. Nf6+ Kg7
21. Nc4 Rxd3 22. Rxd3 Nxe5 23. Nh5+ Kf8 24. Nxe5 Bxf3
0-1

[Event "THE FAST & FURIOUS #4"]
[Site "SchemingMind.com"]
[Date "2015.06.07"]
[Round "-"]
[White "Ramesh Panwar"]
[Black "Stephen Woodhouse"]
[Result "1-0"]
[WhiteCountry "IND"]
[BlackCountry "ENG"]
[WhiteElo "2359"]
[WhiteRD "55"]
[BlackElo "1834"]
[BlackRD "49"]
[GameID "381781"]

1. d4 e6 2. c4 d5 3. Nc3 c5 4. Nf3 Nc6 5. cxd5 exd5 6. g3 Nf6 7. Bg2 Be7 8. O-O O-O 9. dxc5 Bxc5 10. a3 Ne4
11. Nxd5 Be6 12. Nc3 Nxc3 13. bxc3 Qxd1 14. Rxd1 Rad8 15. Bf4 Rxd1+ 16. Rxd1 Bxa3 17. Be3 b6 18. Ng5 Na5 19. Nxe6 fxe6 20. Bh3 Kf7
21. Rd7+ Kf6 22. Rxa7 Nc4 23. Bxb6 Nxb6 24. Rxa3
1-0

[Event "THE FAST & FURIOUS #4"]
[Site "SchemingMind.com"]
[Date "2015.06.14"]
[Round "-"]
[White "emvarela"]
[Black "xarxziux"]
[Result "0-1"]
[WhiteCountry "ARG"]
[BlackCountry "IRL"]
[WhiteElo "1735"]
[WhiteRD "50"]
[BlackElo "2017"]
[BlackRD "68"]
[GameID "381920"]

1. e4 d6 2. d4 Nf6 3. Nc3 e5 4. Nf3 Nbd7 5. Bc4 Be7 6. O-O O-O 7. Re1 c6 8. dxe5 dxe5 9. Bg5 b5 10. Bb3 b4
11. Bxf6 Bxf6 12. Na4 Qe7 13. c3 a5 14. Qc2 Bb7 15. a3 Rfd8 16. cxb4 axb4 17. axb4 Qxb4 18. Nc3 Nc5 19. Ba2 Nd3 20. Re2 Qe7
21. Rd1 Nb4 22. Rxd8+ Rxd8 23. Qb3 Nxa2 24. Nxa2 Ba6 25. Re1 Rd3 26. Qb8+ Rd8 27. Qb6 Bb5 28. Nc3 Qb4 29. Nxe5 Qxb2 30. Nxb5 Qxb5
31. Qxb5 cxb5 32. Nc6 Rc8 33. Na5 g6 34. f4 Bc3 35. Rb1 Bxa5 36. Rxb5 Bd8 37. g3 Kg7 38. Kg2 Rc2+ 39. Kg1 h5 40. h4 Rc4
41. e5 Rc2 42. Kh1 Be7 43. Rb7 Kf8 44. Rb8+ Kg7 45. Rb7 Bxh4 46. gxh4 Rc4 47. e6 Rxf4 48. e7 Rxh4+
0-1

[Event "THE FAST & FURIOUS #4"]
[Site "SchemingMind.com"]
[Date "2015.06.14"]
[Round "-"]
[White "xarxziux"]
[Black "emvarela"]
[Result "1-0"]
[WhiteCountry "IRL"]
[BlackCountry "ARG"]
[WhiteElo "2016"]
[WhiteRD "74"]
[BlackElo "1740"]
[BlackRD "48"]
[GameID "381921"]

1. Nf3 Nf6 2. d4 d5 3. c4 c6 4. Nc3 e6 5. Bg5 h6 6. Bh4 Nbd7 7. e3 dxc4 8. Bxc4 Be7 9. O-O O-O 10. a4 Nd5
11. Bg3 Nxc3 12. bxc3 Qa5 13. Qc2 Nb6 14. Ba2 Nd5 15. Bb1 Qxc3 16. Qh7#
1-0

[Event "THE FAST & FURIOUS #4"]
[Site "SchemingMind.com"]
[Date "2015.06.10"]
[Round "-"]
[White "ray winteringham"]
[Black "xarxziux"]
[Result "0-1"]
[WhiteCountry "ENG"]
[BlackCountry "IRL"]
[WhiteElo "1500"]
[WhiteRD "50"]
[BlackElo "1993"]
[BlackRD "75"]
[GameID "381922"]

1. e4 d6 2. Nf3 Nf6 3. Nc3 e5 4. h3 Be7 5. Be2 O-O 6. b3 c6 7. d4 Nbd7 8. O-O b5 9. Be3 b4 10. Na4 Nxe4
11. Nd2 Nxd2 12. Qxd2 exd4 13. Bxd4 c5 14. Bb2 Nb6 15. Nxb6 axb6 16. c3 bxc3 17. Qxc3 Bf6 18. Qc2 Bxb2 19. Qxb2 d5 20. Bf3 Ra7
21. Rad1 d4 22. a4 Re8 23. Kh2 Rae7 24. g4 Bb7 25. Bg2 Bxg2 26. Kxg2 Re2 27. Qb1 Qd5+ 28. Kg1 Qf3 29. Qd3 R8e3 30. Qf5 Qxh3
31. Rd3 g6 32. Qc8+ Kg7 33. Qc7 Rxd3
0-1

[Event "THE FAST & FURIOUS #4"]
[Site "SchemingMind.com"]
[Date "2015.06.10"]
[Round "-"]
[White "xarxziux"]
[Black "ray winteringham"]
[Result "1-0"]
[WhiteCountry "IRL"]
[BlackCountry "ENG"]
[WhiteElo "1993"]
[WhiteRD "75"]
[BlackElo "1500"]
[BlackRD "50"]
[GameID "381923"]

1. Nf3 Nc6 2. d4 d5 3. c4 e6 4. g3 dxc4 5. Bg2 Bd7 6. O-O Bd6 7. e4 e5 8. dxe5 Nxe5 9. Nxe5 Bxe5 10. Qd5 f6
11. Qxb7 Ne7 12. Na3 c3 13. bxc3 Bxc3 14. Rb1 Be5 15. Rd1 O-O 16. Bh3 f5 17. exf5 Bd6 18. Nc4 Bc6 19. Qb3 Kh8 20. Nxd6 cxd6
21. Bf4 d5 22. g4 Nc8 23. Bg2 Qh4 24. h3 Ne7 25. Qe3 Rfe8 26. Bg5 Nxf5 27. Qf4 Qxg5 28. Qxg5 Nh6 29. Bxd5
1-0

[Event "THE FAST & FURIOUS #4"]
[Site "SchemingMind.com"]
[Date "2015.06.10"]
[Round "-"]
[White "Chessibelle"]
[Black "xarxziux"]
[Result "0-1"]
[WhiteCountry "ENG"]
[BlackCountry "IRL"]
[WhiteElo "1216"]
[WhiteRD "58"]
[BlackElo "1993"]
[BlackRD "75"]
[GameID "381924"]

1. Nf3 d5 2. d4 Nf6 3. Nc3 c5 4. e3 Nc6 5. Bb5 e6 6. Ne5 Qc7 7. Bd2 Be7 8. Qf3 cxd4 9. exd4 O-O 10. Bf4 Nxd4
11. Qd3 Nxb5 12. Nxb5 Qa5+ 13. Bd2 Qd8 14. O-O a6 15. Nd4 Nd7 16. Qg3 Nxe5 17. Qxe5 Bf6 18. Qe3 Qb6 19. c3 Qxb2 20. Nb3 Bd7
21. Rfb1 Qa3 22. h3 Rac8 23. Rc1 h6 24. Qg3 Rc4 25. Qe3 Bg5 26. Qb6 Bxd2 27. Nxd2 Rxc3 28. Nb3 Rxc1+ 29. Nxc1 Bc6 30. Qd4 Bb5
31. Kh2 Qd6+ 32. g3 e5 33. Qg4 d4 34. Nb3 Re8 35. Na5 Qd5 36. Nb3 Bc6 37. Rg1 e4 38. Nc1 d3 39. Rd1 e3 40. Rxd3 Qg2#
0-1

[Event "THE FAST & FURIOUS #4"]
[Site "SchemingMind.com"]
[Date "2015.06.10"]
[Round "-"]
[White "xarxziux"]
[Black "Chessibelle"]
[Result "1-0"]
[WhiteCountry "IRL"]
[BlackCountry "ENG"]
[WhiteElo "1993"]
[WhiteRD "75"]
[BlackElo "1216"]
[BlackRD "58"]
[GameID "381925"]

1. Nf3 Nc6 2. d4 d5 3. c4 Nf6 4. cxd5 Qxd5 5. Nc3 Qd8 6. d5 Nb4 7. Qa4+ c6 8. Qxb4 e6 9. Qb3 Bd6 10. dxc6 bxc6
11. e4 O-O 12. Be2 Qe7 13. e5 Bc5 14. exf6 Qxf6 15. Ne4 Qf5 16. Nxc5 Qxc5 17. O-O Rd8 18. Be3 Qd6 19. Rfd1 Qe7 20. Rxd8+ Qxd8
21. Rd1 Bd7 22. Ne5 Qc7 23. Nxd7 Rd8 24. Bg5 Rc8 25. Qg3 Qb6 26. Nf6+ Kf8 27. Qd6#
1-0

[Event "THE FAST & FURIOUS #4"]
[Site "SchemingMind.com"]
[Date "2015.06.10"]
[Round "-"]
[White "Stephen Woodhouse"]
[Black "xarxziux"]
[Result "1-0"]
[WhiteCountry "ENG"]
[BlackCountry "IRL"]
[WhiteElo "1872"]
[WhiteRD "48"]
[BlackElo "2016"]
[BlackRD "74"]
[GameID "381926"]

1. e4 d6 2. d4 Nf6 3. Nc3 e5 4. Nf3 Nbd7 5. Bc4 Be7 6. O-O O-O 7. Re1 c6 8. a4 a5 9. h3 Nb6 10. Bb3 Nfd7
11. Be3 exd4 12. Bxd4 Nc5 13. Bxc5 dxc5 14. Qxd8 Rxd8 15. Rad1 Be6 16. Bxe6 fxe6 17. Rxd8+ Rxd8 18. Rd1 Rxd1+ 19. Nxd1 Nd7 20. Ne3 b5
21. b3 Bf6 22. axb5 cxb5 23. Kf1 Nb6 24. Nd2 a4 25. bxa4 bxa4 26. Nec4 Bc3 27. Nxb6 Bxd2 28. Nxa4 Bb4 29. Ke2 Kf7 30. Kd3 Ke7
31. Kc4 Kd6 32. Nb2 Ba5 33. Nd3 Bb6 34. e5+ Kc6 35. Nf4 Kd7 36. Kb5 Ba7 37. c4 g5 38. Nd3 h5 39. Nxc5+ Ke7 40. Ne4 g4
41. hxg4 hxg4 42. c5 Bb8 43. Nd6 Bc7 44. Kc6 Ba5 45. Kb7 Kd8 46. c6
1-0

[Event "THE FAST & FURIOUS #4"]
[Site "SchemingMind.com"]
[Date "2015.06.10"]
[Round "-"]
[White "xarxziux"]
[Black "Stephen Woodhouse"]
[Result "1-0"]
[WhiteCountry "IRL"]
[BlackCountry "ENG"]
[WhiteElo "1993"]
[WhiteRD "75"]
[BlackElo "1834"]
[BlackRD "49"]
[GameID "381927"]

1. Nf3 e6 2. d4 d5 3. g3 c5 4. c4 Nc6 5. cxd5 exd5 6. Bg2 Nf6 7. O-O Be7 8. Nc3 O-O 9. Bg5 c4 10. Ne5 Be6
11. f4 h6 12. Bxf6 Bxf6 13. f5 Bd7 14. Nxd7 Qxd7 15. Nxd5 Qd6 16. Nxf6+ Qxf6 17. e3 Rfe8 18. Qd2 Rad8 19. Rac1 b5 20. a4 a6
21. axb5 axb5 22. b3 Ne7 23. bxc4 bxc4 24. Rxc4 Qg5 25. Qf2 Nd5 26. Bxd5 Rxd5 27. Rc3 h5 28. Qf4 Qe7 29. f6 gxf6 30. Qxf6 Qxf6
31. Rxf6 Kg7 32. Rf2 Rd7 33. Rd3 Kg6 34. Kg2 f5 35. Kf3 Re4 36. h4 Kf6 37. Ra3 Rd6 38. Ra8 Rb6 39. Rh8 Kg6 40. Rg8+ Kf6
41. Re2 Rb7 42. Rg5 Rh7 43. Ra2 Rhe7 44. Ra6+
1-0

[Event "THE FAST & FURIOUS #4"]
[Site "SchemingMind.com"]
[Date "2015.06.10"]
[Round "-"]
[White "xarxziux"]
[Black "Ramesh Panwar"]
[Result "0-1"]
[WhiteCountry "IRL"]
[BlackCountry "IND"]
[WhiteElo "1993"]
[WhiteRD "75"]
[BlackElo "2359"]
[BlackRD "55"]
[GameID "381928"]

1. Nf3 Nf6 2. d4 e6 3. c4 b6 4. g3 Bb7 5. Bg2 Be7 6. O-O O-O 7. Nc3 d5 8. Ne5 Nbd7 9. Bf4 c5 10. cxd5 Nxd5
11. Nxd5 exd5 12. dxc5 Nxc5 13. Rc1 Re8 14. b4 Ne6 15. Nc6 Bxc6 16. Rxc6 Nxf4 17. gxf4 Bxb4 18. Qb3 Bf8 19. Bxd5 Rxe2 20. Bxf7+ Kh8
21. Rd1 Rd2 22. Rxd2 Qxd2 23. Qf3 Rd8 24. Rc7 a5 25. Bb3 Bd6 26. Rb7 Bxf4 27. Rxb6 a4 28. Bxa4 Qa5 29. Qc6 Qe1+ 30. Kg2 Bxh2
31. Kxh2 Qxf2+ 32. Kh1 Qf1+ 33. Kh2 Rd2+ 34. Kg3 Rd3+ 35. Kg4 h5+
0-1

[Event "THE FAST & FURIOUS #4"]
[Site "SchemingMind.com"]
[Date "2015.06.10"]
[Round "-"]
[White "Ramesh Panwar"]
[Black "xarxziux"]
[Result "1-0"]
[WhiteCountry "IND"]
[BlackCountry "IRL"]
[WhiteElo "2393"]
[WhiteRD "58"]
[BlackElo "2016"]
[BlackRD "74"]
[GameID "381929"]

1. d4 d6 2. e4 Nf6 3. Nc3 e5 4. dxe5 dxe5 5. Qxd8+ Kxd8 6. a3 Bd6 7. Bc4 Ke7 8. Be3 Be6 9. Bxe6 Kxe6 10. Nf3 Nbd7
11. O-O-O Rhd8 12. Rhe1 Ke7 13. Nh4 g6 14. Bg5 Kf8 15. Nb5 Ke7 16. f4 a6 17. Nc3 Kf8 18. Nf3 Re8 19. fxe5 Bxe5 20. Nxe5 Rxe5
21. Bh6+ Kg8 22. Bf4 Re6 23. e5 Rae8 24. Rf1 Nxe5 25. Bxe5 Rxe5 26. Rxf6 Kg7 27. Rf4 R8e7 28. Rfd4 c6 29. Rd7 b5 30. Rxe7 Rxe7
31. Rd6 Rc7 32. Kd2 a5 33. Ne2
1-0

[Event "THE FAST & FURIOUS #4"]
[Site "SchemingMind.com"]
[Date "2015.06.14"]
[Round "-"]
[White "emvarela"]
[Black "Sully7"]
[Result "1-0"]
[WhiteCountry "ARG"]
[BlackCountry "IRL"]
[WhiteElo "1740"]
[WhiteRD "48"]
[BlackElo "1572"]
[BlackRD "65"]
[GameID "382014"]

1. e4 e5 2. Nf3 Nc6 3. Bb5 Nf6 4. O-O Bc5 5. Nxe5 Nxe5 6. d4 Bxd4 7. Qxd4 Nf3+ 8. gxf3 O-O 9. Bg5 c6 10. Bxf6 Qxf6
11. Qxf6 gxf6 12. Bd3 d6 13. Nd2 Bh3 14. Rfe1 f5 15. exf5 f6 16. Nf1 Kh8 17. Ng3 Rg8 18. Kh1 h5 19. Rg1 h4 20. Ne2 Rg5
21. Rxg5 fxg5 22. Rg1 Re8 23. Rxg5 Rg8 24. Rxg8+ Kxg8 25. Nf4
1-0

[Event "THE FAST & FURIOUS #4"]
[Site "SchemingMind.com"]
[Date "2015.06.14"]
[Round "-"]
[White "Sully7"]
[Black "emvarela"]
[Result "0-1"]
[WhiteCountry "IRL"]
[BlackCountry "ARG"]
[WhiteElo "1572"]
[WhiteRD "65"]
[BlackElo "1740"]
[BlackRD "48"]
[GameID "382015"]

1. e4 e5 2. Nf3 Nc6 3. Bc4 Bc5 4. b4 Bb6 5. Bb2 d6 6. O-O Bg4 7. d3 Nf6 8. Nbd2 Nd4 9. Bxd4 Bxd4 10. Bb5+ c6
11. c3 Bxc3 12. Rc1 Bxd2 13. Qxd2 Bxf3 14. gxf3 cxb5 15. Qg5 O-O 16. Kh1 h6 17. Qg2 a5 18. Rg1 g6 19. h4 Nh5 20. Qh2 Nf4
21. h5 g5 22. d4 Ne2
0-1